000 00496nam a2200181Ia 4500
003 GCL
008 140319s9999 xx 000 0 ara d
040 _aGCL /
_cGCL
082 0 4 _aط
_b372.5
_bد ل
100 1 _aدار ثقافة الاطفال
245 1 0 _aلون معنا /
_cدار ثقافة الاطفال
300 _a31 ص
490 _aسلسلة الهوايات
_v0
650 0 4 _aالاطفال
650 0 4 _aقصص الاطفال
650 0 4 _aالتلوين
942 _2ddc
_cBK
999 _c51412
_d51412